000 00931cab a2200265 4500
001 ABS46202
008 090401t1992 xxu||||| |||| 00| 0 eng d
035 _a(Sirsi) u57141
041 _aeng
100 _aBarron, S.
245 _aConservation agency for Scotland
260 _c1992
350 _a0
490 _aThe Planner
_v78(7) 3 April 1992, 10-11(2)
520 _aAssesses the powers under Natural Heritage Scotland Act 1991 of the new Scottish Natural Heritage, which has been created out of the Countryside Commission for Scotland and the Nature Conservancy Council for Scotland.
650 _aCOUNTRYSIDE COMMISSION FOR SCOTLAND
650 _aNATURAL HERITAGE SCOTLAND ACT 1991
650 _aNATURE CONSERVANCY COUNCIL FOR SCOTLAND
650 _aSCOTLAND
650 _aSCOTTISH NATURAL HERITAGE
650 _aSITES OF SPECIAL SCIENTIFIC INTEREST
690 _aCON
942 _n0
948 _c04/03/1997
999 _c34819
_d34819